Sociología del conocimiento

Saved in:
Bibliografiske detaljer
Hovedforfatter: Stark, Werner (Author)
Format: Bog
Sprog:spansk
Udgivet: Madrid Morata 1963
Serier:Filosofía, psicología, pedagogía
Fag:
Tags: Tilføj Tag
Ingen Tags, Vær først til at tagge denne postø!

MARC

LEADER 00000nam a2200000 a 4500
001 UCY7310
003 CL-VaPUC
008 950609e19630000SP |||||||||||||||||spa|d
082 0 4 |a 306.42  |b STA  |2 21 
100 0 |a Stark, Werner  |e author  |9 337760 
245 1 0 |a Sociología del conocimiento 
246 1 3 |a El pensamiento sociológico en la historia de las ideas 
300 |a 485 p 
942 |c BK 
945 |d 19950609 00:00:00  |a cmena 
260 |a Madrid  |b Morata  |c 1963 
650 0 |a Epistemología   |9 264994 
650 0 |a Ciencias sociales   |9 256351 
650 0 |a Sociología del conocimiento  |9 308651 
650 7 |a CONOCIMIENTO  |2 CL-VaPUC  |9 308991 
650 0 |a Pensamiento  |9 307612 
650 0 |a Relatividad  |9 269977 
650 0 |a Cultura  |9 269059 
650 7 |a ESTRUCTURA SOCIAL  |2 CL-VaPUC  |9 337761 
650 7 |a CONDICION SOCIAL  |2 CL-VaPUC  |9 335103 
583 |a last modification  |c 19950609 00:00:00  |k Rodrigo Vera 
490 0 |a Filosofía, psicología, pedagogía 
999 |c 234719  |d 234717 
952 |0 0  |1 0  |4 0  |6 306_420000000000000_STA_1963  |7 0  |8 P  |9 241366  |a BIBEDU  |b BIBEDU  |c BIBEDU_PB  |d 2019-11-18  |i 1517201  |o 306.42 STA 1963  |p 1517201  |r 2024-01-25  |w 2019-11-18  |y BK  |k EDU